00286nam a2200121Ia 4500008004100000100001900041245002700060260003300087300000800120650001200128942000700140999001700147190216s9999||||xx |||||||||||||| ||und|| aChellappan K P 0aCreative Communication bUniversity Of Calicutc1996 a72p aEnglish cBK c13887d13887